| 000 | 00550nam a2200193 a 4500 | ||
|---|---|---|---|
| 020 | _a0395755794 (text) | ||
| 020 | _a039576484X (exam copy) | ||
| 040 | _cDLC | ||
| 082 | 0 | 0 | _a512 HOU 1996 A029 Or. |
| 100 | 1 | _aAufmann, Richard N. | |
| 245 | 1 | 0 |
_aAlgebra : _bintroductory and intermediate / |
| 260 |
_aBoston : _bHoughton Mifflin, _cc1996. |
||
| 300 |
_a1 v. (various pagings) : _bill. (some col.) ; _c28 cm. |
||
| 500 | _aIncludes indexes. | ||
| 650 | 0 | _aAlgebra. | |
| 700 | 1 | _aBarker, Vernon C. | |
| 700 | 1 | _aLockwood, Joanne S. | |
| 942 | _cEK | ||
| 999 |
_c11348 _d11348 |
||